000 00900nam a2200361 c 4500
001 68168
003 DO-SdBNP
005 20160831124223.0
007 68169
008 150721s2011 sp a | |||| 000 f spa
015 _a
017 _a
_b
020 _a9788466313810
035 _a
040 _aBPMSU
_bspa
_cBPMSU
_e
080 _a
092 _a863.6
_bP438as
100 1 _aPérez-Reverte, Arturo
_d1951-
_4
245 1 3 _aEl asedio /
_cArturo Pérez-Reverte
250 _a
260 _aMadrid :
_bSantillana Ediciones Generales,
_c2010
300 _a810 p.:
_bil., mapas,
_c21 cm
336 _a
_2
337 _a
_2
490 0 _v
490 0 _a
_v
500 _aIncluye datos biográficos del autor : p. 4
650 4 _aNOVELA ESPAÑOLA
650 4 _aLITERATURA ESPAÑOLA
901 _a
942 _2ddc
_cBK
956 _aVMATEO
_b10
_c20160830
_dBPMSU
_f0069
999 _c11227
_d11227